00763nam a2200265Ia 4500001000700000003000500007008004100012010001100053020001800064040000900082082002100091100002500112245007800137260003100215300002200246500005200268503001100320901002100331902000600352910000900358942000600367942000700373999001900380952009800399Z_5544CHAP220113s2004 xx 000 0 und d a168638 a84-282-1351-8 cCHAP a574.191 A5y 2002 aAlberts, Bruce93487 aBiología molecular de la célula /cBruce alberts /c... y otros /c aBarcelona :bOmega,c2004 a1463 p. : bilus. aTrad. de Molecular biology of the cell del 2002 a235019 a574.191 A5Y 2002 aM a2004 c1 cc1 c168638d168638 00102ddc40708GRALaZbZc1d2007-10-31pz_5395r2022-01-18 00:00:00t1w2022-01-18yLIBRO